| 000 | 00384nam a2200169Ia 4500 | ||
|---|---|---|---|
| 008 | 210210b1929 xxu||||| |||| 00| 0 eng d | ||
| 041 | _aeng | ||
| 082 | _a822/131 | ||
| 100 | _aBLUNDEN (E) | ||
| 245 | _aNature in literature | ||
| 260 |
_aLondon _bNot Mentioned _c1929 |
||
| 650 | _aNature | ||
| 650 | _aliterature | ||
| 650 | _ain | ||
| 690 | _aEnglish Prose | ||
| 906 | _a012318 | ||
| 999 |
_c131107 _d131107 |
||